LEADER 01166nam0 22003253i 450 001 UBO1099851 005 20231121125855.0 010 $a0130126411 100 $a20160126d2000 ||||0itac50 ba 101 | $aeng 102 $aus 181 1$6z01$ai $bxxxe 182 1$6z01$an 200 1 $aNumerical methods using matlab$fJohn Penny, George Lindfield 205 $a2. ed 210 $aUpper Saddle River$cPrentice Hall$dc2000 215 $aXIII, 482 p.$cill.$d24 cm. 606 $aMATLAB$2FIR$3RMLC376943$9I 606 $aAnalisi numerica$xProgrammi per elaboratori$2FIR$3RMLC399680$9I 676 $a519.40285$9$v20 700 1$aPenny$b, John E. T.$3RMSV000374$4070$041327 701 1$aLindfield$b, George R.$3RMSV000373$4070$041326 801 3$aIT$bIT-01$c20160126 850 $aIT-FR0099 899 $aBiblioteca Area Ingegneristica$bFR0099 912 $aUBO1099851 950 0$aBiblioteca Area Ingegneristica$d 54DAE 519.4 LIN$e 54VM 0000104165 VM barcode:ING90A. - Inventario:90a. - Fondo:CONVM$fA $h20010209$i20121204 977 $a 54 996 $aNumerical methods$9834580 997 $aUNICAS LEADER 00968nam0 22002651i 450 001 UON00267547 005 20231205103741.294 010 $a85-89126-36-6 100 $a20051010d2004 |0itac50 ba 101 $apor 102 $aBR 105 $a|||| ||||| 200 1 $aMaquinas de anoitecer$fMarcelo Giglio Barbosa 210 $aRio de Janeiro$cIbis Libris$d2004 215 $a38 p.$cill.$d18 cm. 620 $aBR$dRio de Janeiro$3UONL001554 676 $a869.899201$cPoesia brasiliana in portoghese$v21 700 1$aBARBOSA$bMarcelo Giglio$3UONV160653$0690534 712 $aIbis Libris$3UONV271822$4650 801 $aIT$bSOL$c20240220$gRICA 899 $aSIBA - SISTEMA BIBLIOTECARIO DI ATENEO$2UONSI 912 $aUON00267547 950 $aSIBA - SISTEMA BIBLIOTECARIO DI ATENEO$dSI Bras I 217 $eSI DA 1154 5 217 996 $aMaquinas de anoitecer$91240783 997 $aUNIOR